000 01048cam a2200337 a 4500
999 _c1379
_d1379
001 2926229
003 OSt
005 20210217154254.0
008 891229s1991 stka 001 0 eng c
010 _a 89020967
020 _a0443039097
040 _aDNLM/DLC
_cDLC
_dDLC
050 1 0 _aRD31
_b.P85 1991
060 _aWO 100 P9565
082 0 0 _aWO 100 F77p 1994
_220
100 _aEdited by Forrest, A. P. M.; Carter, David C.; I.B. Macleod, I.B.
_913893
245 0 0 _aPrinciples and Practice of Surgery
250 _a2nd ed.
260 _aEdinburgh ;
_bChurchill Livingstone,
_c1991.
300 _aviii, 729 p. :
_bill. ;
_c25 cm.
500 _aCover title: Principles & practice of surgery.
500 _aIncludes index.
650 0 _aSurgery.
_9323
650 0 _aSurgery, Operative.
_93649
650 2 _aSurgery.
_9323
650 2 _aSurgery, Operative.
_93650
740 0 _aPrinciples & practice of surgery.
906 _a7
_bcbc
_corignew
_d1
_eocip
_f19
_gy-gencatlg
942 _2z
_cSLOAN